Statistics for United States Overseas Territories

Click here to take the quiz!

General Stats

  • This quiz has been taken 84 times
    (76 since last reset)
  • The average score is 9 of 16

Answer Stats

LocationTerritory% Correct
CaribbeanPuerto Rico
95%
MicronesiaGuam
93%
PolynesiaAmerican Samoa
91%
MicronesiaNorthern Mariana Islands
76%
North PacificMidway Island
62%
MicronesiaWake Island
62%
CaribbeanNavassa Island
58%
PolynesiaPalmyra Atoll
56%
North PacificBaker Island
53%
PolynesiaKingman Reef
53%
CaribbeanUnited States Virgin Islands
53%
North PacificJohnston Atoll
49%
North PacificHowland Island
47%
PolynesiaJarvis Island
45%
CaribbeanBajo Nuevo Bank
16%
CaribbeanSerranilla Bank
15%

Score Distribution

Percentile by Number Answered

Percent of People with Each Score

Your Score History

You have not taken this quiz since the last reset